|
|
|
|
| LEADER |
00735nab a2200205 i 4500 |
| 001 |
acta9099 |
| 005 |
20250521144813.0 |
| 008 |
161015s1992 hu o 000 hun d |
| 022 |
|
|
|a 0865-5553
|
| 040 |
|
|
|a SZTE Egyetemi Kiadványok Repozitórium
|b hun
|
| 041 |
|
|
|a hun
|
| 100 |
1 |
|
|a Fekete László
|
| 245 |
1 |
0 |
|a Nyelv, tudás és identitás
|h [elektronikus dokumentum] :
|b az "én" keresése a modernitás küszöbén /
|c Fekete László
|
| 260 |
|
|
|a Pompeji Alapítvány
|b Szeged
|c 1992
|
| 300 |
|
|
|a 131-143
|
| 490 |
0 |
|
|a Pompeji
|
| 650 |
|
4 |
|a Bölcsészettudományok
|
| 650 |
|
4 |
|a Filozófia, etika és vallástudományok
|
| 695 |
|
|
|a Filozófia
|
| 856 |
4 |
0 |
|u http://acta.bibl.u-szeged.hu/9099/1/pompeji_1992_004_131-143.pdf
|z Dokumentum-elérés
|